Multiple Choice City Quiz – Johannesburg - Statistics

General Stats
  • This quiz has been taken 9,739 times
    9,728 since last reset
  • The average score is 6 of 10
Answer Stats
Question Answer % Correct
When did Johannesburg host the men's FIFA World Cup finals? 2010
89%
What war led to the British capturing Johannesburg in 1900? Second Boer War
84%
What township near Johannesburg has a population over 1 million? Soweto
74%
Vilakazi Street in Johannesburg is the only street in the world which has been home to two _____. Nobel Peace Prize winners
73%
How does the murder rate of Johannesburg compare to London? Johannesburg is 35x higher
65%
Which of South Africa's three capital cities lies within Johannesburg's metro area? Pretoria
62%
What is the term for the grassland or shrubland ecosystem typical around Johannesburg? Veld
51%
The two most-spoken languages in Johannesburg are English and ... Zulu
34%
Johannesburg was established in 1886 following the discovery of ... Gold
32%
What province is Johannesburg a part of? Gauteng
31%
No matching quizzes found
Score Distribution
Percent of People with Each Score
Percentile by Number Answered
Your Score History
You have not taken this quiz since the last reset